000 01411nam a2200361 i 4500
001 000027349
003 DO-SdBNP
005 20250917151547.0
007 ta
008 110331s2004 dr 000 0 spa d
020 _z9789993477457
040 _aDO-SdBNP
_bspa
_cBNPHU
_erda
041 _aspa
082 4 _a370.115
_bF866C 2004
_222
100 1 _aCabrera, Onavis,
_eautor
_4aut.
_911845
245 1 0 _aPaulo Freire :
_bsu pensamiento y el paradigma de la impugnación /
_cOnavi Cabrera.
250 _aQuinta edición corregida y aumentada
264 4 _aSanto Domingo, República Dominicana :
_bEditora Universitaria-UASD,
_c©2004.
300 _a358 páginas ;
_c21 cm.
336 _atexto
_btxt
_2rdacontent
337 _asin mediación
_bn
_2rdamedia
338 _avolumen
_bnc
_2rdacarrier
490 1 _aPublicaciones de la Universidad Autónoma de Santo Domingo
_v1150
490 1 _aHistoria y sociedad
_v55
500 _aIncluye referencias bibliográficas y notas al pie de las páginas
504 _aBibliografía: páginas 343-358
590 _aInventariado, 2018/LP
600 1 4 _aFreire, Paulo,
_d1921-1997
_xCrítica e interpretación
_911846
650 4 _aPedagogía crítica
_zAmérica Latina
_911847
830 0 _aPublicaciones de la Universidad Autónoma de Santo Domingo
_n1150
_pHistoria y sociedad
_n55
_911848
910 _aValidado. Control de calidad EMS.
942 _2ddc
_cLBS1
999 _c26841
_d26841